Zaznacz złą odpowiedź - Statystyki

Ogólne statystyki
  • Ten quiz został rozwiązany 51 razy
    39 od ostatniego zresetowania
  • Średni wynik to 7 z 10
Statystyki odpowiedzi
Zagadnienie Odpowiedź % Poprawnych
3+3/3=2 Tak
89%
2+7=9 Nie
78%
Prawdą jest, że 5+6=13. Tak
78%
Prawdą jest, że prawdziwe jest, że 3+5=9. Tak
78%
Prawdą jest, że 3+4=7 Nie
67%
Nie prawdą jest, że nie prawdą jest, że prawdziwe jest 1+2+3=7 Tak
67%
Nie prawdą jest, że 2+5>9 Nie
56%
Nie prawdą jest, że 3+7<9-2 Nie
56%
Nie prawdą jest, że nieprawdziwe jest, że 4+4>2+2+2 Nie
56%
Prawdą jest, że nieprawdziwe jest, że 6+5=11 Tak
44%
Nie znaleziono quizów pasujących do podanych kryteriów
Rozkład punktacji
Procent ludzi z każdym wynikiem
Percentyl według liczby udzielonych odpowiedzi
Twoja historia wyników
Nie rozwiązałeś tego quizu od ostatniego zresetowania